El paisaje puertorriqueño (Record no. 4670)

MARC details
000 - LÍDER
campo de control de longitud fija 00708nam a2200157Ia 4500
008 - ELEMENTOS DE DATOS DE LONGITUD FIJA - INFORMACIÓN GENERAL
campo de control de longitud fija 0000001990 pr a 0000000000spa00
090 ## - NÚMERO DE LLAMADA DE TIPO LC LOCALMENTE ASIGNADO (OCLC)
Número de clasificación (OCLC) (R) PPR00 P13
245 13 - TÍTULO DECLARACIÓN
Título El paisaje puertorriqueño
Resto del título : 4 generaciones
Declaración de responsabilidad / fotografías Víctor Vázquez
260 ## - PUBLICACIÓN, DISTRIBUCIÓN
Lugar de publicación San Juan : Galería Latino Americana
Fecha de publicación 1990
300 ## - DESCRIPCIÓN FÍSICA
Alcance [24] p.
Dimensiones / 28 cm.
500 ## - NOTA GENERAL
Nota general Exposición realizada en la Galeria Latino Americana, San Juan (Puerto Rico), Junio 14 Septiembre 20, 1990 \ Con el patronazgo del maestro venezolano Jesús Rafael Soto (q.e.p.d.)
650 14 - ENTRADA DE SUJETO AÑADIDO - TÉRMINO TÓPICO
Término tópico o elemento de entrada del nombre geográfico PINTORES PUERTORRIQUEÑOS
650 14 - ENTRADA DE SUJETO AÑADIDO - TÉRMINO TÓPICO
Término tópico o elemento de entrada del nombre geográfico PINTURA DE PAISAJES PUERTORRIQUEÑA
650 14 - ENTRADA DE SUJETO AÑADIDO - TÉRMINO TÓPICO
Término tópico o elemento de entrada del nombre geográfico PINTURA PUERTORRIQUEÑA
700 1# - ENTRADA AGREGADA - NOMBRE PERSONAL
Nombre de la persona Vázquez, Víctor
Holdings
Estado de retirada Pérdida de estatus Estado dañado No para préstamo Código de recogida Ubicación permanente Ubicación actual Ubicación de las estanterías Fecha de adquisición Número de llamada completo Código de barras Fecha de la última vez que se vio Número de copia Precio efectivo desde Tipo de artículo Koha
        General ArtNexus ArtNexus General 06/09/2022 P-PR-00 P13 4674 06/09/2022 Ej.1 06/09/2022 Libro

Powered by Koha